LEADER 01404nam0-22003851i-450- 001 990007384260403321 005 20101220105802.0 010 $a88-14-09590-6 035 $a000738426 035 $aFED01000738426 035 $a(Aleph)000738426FED01 035 $a000738426 100 $a20030115d2002----km-y0itay50------ba 101 0 $aita 102 $aIT 105 $ay-------001yy 200 1 $a<>diritto ad un giusto processo tra corte internazionale e corti nazionali$el'equa riparazione dopo la legge Pinto$fGiovanni Romano, Domenico Antonio Parrotta, Egidio Lizza$gcontributi in dottrina: Alessio Sonaglioni, Enrica Senini$gcontributi in giurisprudenza: Enrica Senini ... [et al.] 210 $aMilano$cGiuffrè$d2002 215 $aXVII, 536 p.$d24 cm$e(disco ottico per computer) 225 1 $aCosa & come$iDiritto e pratica professionale 676 $a345$v20$zita 700 1$aRomano,$bGiovanni$f<1953- ;$cavvocato>$0323791 701 1$aParrotta,$bDomenico Antonio$0262937 701 1$aLizza,$bEgidio$0266885 702 1$aSenini,$bEnrica 702 1$aSonaglioni,$bAlessio 801 0$aIT$bUNINA$gRICA$2UNIMARC 901 $aBK 912 $a990007384260403321 952 $aBB-282$fDDRC 952 $aH 233$b2957$fDSI 959 $aDSI 959 $aDDRC 996 $aDiritto ad un giusto processo tra corte internazionale e corti nazionali$9692448 997 $aUNINA LEADER 02694nam 2200661Ia 450 001 9910957585103321 005 20251116175548.0 010 $a0-203-35899-6 010 $a1-280-05765-3 010 $a1-134-97087-0 010 $a1-134-97086-2 024 7 $a10.4324/9780203358993 035 $a(CKB)1000000000250436 035 $a(EBL)179109 035 $a(OCoLC)437250737 035 $a(SSID)ssj0000280047 035 $a(PQKBManifestationID)11229721 035 $a(PQKBTitleCode)TC0000280047 035 $a(PQKBWorkID)10268169 035 $a(PQKB)10691367 035 $a(MiAaPQ)EBC179109 035 $a(Au-PeEL)EBL179109 035 $a(CaPaEBR)ebr10097446 035 $a(CaONFJC)MIL5765 035 $a(OCoLC)826515006 035 $a(EXLCZ)991000000000250436 100 $a19831116e19881981 uy 0 101 0 $aeng 135 $aur|n|---||||| 181 $ctxt 182 $cc 183 $acr 200 00$aGreek and Roman slavery /$f[edited by] Thomas Wiedemann 205 $a1st ed. 210 $aLondon $cCroom Helm$d[1988], c1981 215 $a1 online resource (302 p.) 225 1 $aRoutledge Sourcebooks for the Ancient World 300 $aReprint. Originally published: London : Croom Helm, 1981. 311 08$a0-415-02972-4 311 08$a1-138-12821-X 320 $aIncludes bibliographical references and indexes. 327 $aCONTENTS; 1 'ALL HUMAN BEINGS ARE EITHER FREE OR SLAVE':; 2 DEBT-BONDAGE AND SERFDOM; 3 MANUMISSION; 4 MORAL INFERIORS; 5 STATUS SYMBOL OR ECONOMIC INVESTMENT?; 6 SOURCES OF SLAVES; 7 DOMESTIC SLAVES AND RURAL SLAVES; 8 SLAVES OWNED BY THE STATE; 9 THE TREATMENT OF SLAVES; 10 RESISTANCE; 11 REBELLION; 12 THE TRUE FREEDOM OF THE SPIRIT; Index 330 $aGreek and Roman Slavery brings together fresh English translations of 243 texts and inscriptions on slavery from fifth and fourth century Greece and Rome. The material is arranged thematically, offering the reader a comprehensive review of the idea and practice of slavery in ancient civilization. In addition, a thorough bibliography for each chapter, as well as an extensive index, make this a valuable source for scholars and students. 410 0$aRoutledge Sourcebooks for the Ancient World 606 $aSlavery$zGreece$xHistory$vSources 606 $aSlavery$zRome$xHistory$vSources 615 0$aSlavery$xHistory 615 0$aSlavery$xHistory 676 $a306.3620938 676 $a306/.362/0938 701 $aWiedemann$b Thomas E. J$0288006 801 0$bMiAaPQ 801 1$bMiAaPQ 801 2$bMiAaPQ 906 $aBOOK 912 $a9910957585103321 996 $aGreek and Roman Slavery$9539727 997 $aUNINA